[Event "Portoroz op"]
[Site "Portoroz"]
[Date "2003.05.02"]
[Round "8"]
[White "Rozic, Samo"]
[Black "Gorjan, Jaka"]
[Result "1/2-1/2"]
[WhiteElo "1522"]
[BlackElo "1500"]
[PlyCount "163"]
[EventDate "2003.04.??"]
[EventType "swiss"]
[EventRounds "9"]
[EventCountry "SLO"]
[SourceTitle "EXT 2005"]
[Source "ChessBase"]
[SourceDate "2004.11.15"]
[SourceVersion "1"]
[SourceVersionDate "2004.11.15"]
[SourceQuality "1"]

1. e4 e5 2. Nc3 Nc6 3. d3 Nf6 4. f4 d6 5. Nf3 Bg4 6. Be2 Be7 7. 0-0 Qd7 8. Bd2 h5 9. f5 g6 10. h3 Bxf3 11. Rxf3 Nd4 12. Rf1 gxf5 13. exf5 d5 14. Bg5 h4 15. Bxf6 Bxf6 16. Bg4 0-0-0 17. Qd2 Qd6 18. Rae1 Qb6 19. Kh1 Qxb2 20. Rb1 Qxc2 21. Qxc2 Nxc2 22. Rfc1 Ne3 23. Nb5 c6 24. Nxa7+ Kc7 25. Nb5+ Kd7 26. Na3 b5 27. Kh2 Nxg4+ 28. hxg4 Ra8 29. Rb3 Be7 30. Nb1 Rxa2 31. Kh3 Bg5 32. Re1 Bf4 33. Nc3 Rd2 34. Nb1 Rc2 35. Na3 Rc1 36. Rxc1 Bxc1 37. Rc3 Bb2 38. Rb3 Bxa3 39. Rxa3 f6 40. Ra7+ Kd6 41. Rf7 Rh6 42. Rg7 b4 43. Kh2 e4 44. dxe4 dxe4 45. Kg1 h3 46. gxh3 Rxh3 47. Kf2 e3+ 48. Ke2 b3 49. Rb7 b2 50. Kd3 Ke5 51. Rxb2 Kf4 52. Rb4+ Kf3 53. Re4 Kf2 54. Rf4+ Rf3 55. Re4 Kg3 56. Ke2 Rf4 57. Rxe3+ Kxg4 58. Re6 Kxf5 59. Rxc6 Kg4 60. Rc8 Kg3 61. Rg8+ Rg4 62. Rf8 Re4+ 63. Kd3 Re6 64. Kd4 Kf4 65. Kd5 Re5+ 66. Kd4 f5 67. Rf7 Ra5 68. Kd3 Kf3 69. Kd2 f4 70. Ke1 Ra1+ 71. Kd2 Kg3 72. Ke2 Ra2+ 73. Kf1 Kf3 74. Kg1 Ra1+ 75. Kh2 Ke3 76. Kg2 Ra2+ 77. Kf1 Rh2 78. Kg1 Rf2 79. Rf8 Rf3 80. Re8+ Kd2 81. Kg2 Re3 82. Rf8 1/2-1/2

[Event "Portoroz op"]
[Site "Portoroz"]
[Date "2003.05.01"]
[Round "7"]
[White "Mlakar, Ivan"]
[Black "Gorjan, Jaka"]
[Result "1-0"]
[WhiteElo "1740"]
[BlackElo "1500"]
[PlyCount "37"]
[EventDate "2003.04.??"]
[EventType "swiss"]
[EventRounds "9"]
[EventCountry "SLO"]
[SourceTitle "EXT 2005"]
[Source "ChessBase"]
[SourceDate "2004.11.15"]
[SourceVersion "1"]
[SourceVersionDate "2004.11.15"]
[SourceQuality "1"]

1. e4 e5 2. Nf3 Nc6 3. Bb5 a6 4. Ba4 Nf6 5. 0-0 d6 6. Re1 b5 7. Bb3 Bg4 8. c3 Be7 9. d4 Bxf3 10. Qxf3 exd4 11. Bd5 Nxd5 12. exd5 Ne5 13. Qe4 dxc3 14. Nxc3 0-0 15. f4 Ng6 16. f5 Ne5 17. Re3 Bf6 18. Rh3 Bg5 19. f6 1-0

[Event "Portoroz op"]
[Site "Portoroz"]
[Date "2003.04.29"]
[Round "5"]
[White "Gorjan, Jaka"]
[Black "Sluga, Aljaz"]
[Result "1/2-1/2"]
[WhiteElo "1500"]
[BlackElo "1511"]
[PlyCount "48"]
[EventDate "2003.04.??"]
[EventType "swiss"]
[EventRounds "9"]
[EventCountry "SLO"]
[SourceTitle "EXT 2005"]
[Source "ChessBase"]
[SourceDate "2004.11.15"]
[SourceVersion "1"]
[SourceVersionDate "2004.11.15"]
[SourceQuality "1"]

1. e4 e5 2. Nf3 d6 3. Nc3 g6 4. Bc4 h6 5. d3 Bg7 6. 0-0 Nc6 7. a3 Nf6 8. h3 0-0 9. Be3 Bd7 10. Qd2 Kh7 11. Rab1 a6 12. a4 Nh5 13. d4 exd4 14. Nxd4 Rc8 15. Nxc6 Bxc6 16. Bd3 Qd7 17. a5 Nf6 18. f4 d5 19. exd5 Nxd5 20. Nxd5 Qxd5 21. f5 Bd4 22. fxg6+ fxg6 23. Bxg6+ Kxg6 24. Bxd4 Rcd8 1/2-1/2